Nationalisation of banking monopolies: an urgent task (Record no. 441961)

000 -LEADER
fixed length control field 00418cam a22001337a 4500
008 - FIXED-LENGTH DATA ELEMENTS--GENERAL INFORMATION
fixed length control field 180718b1967 xxu||||| |||| 00| 0 eng d
082 ## - DEWEY DECIMAL CLASSIFICATION NUMBER
Classification number T42x54 R812
100 ## - MAIN ENTRY--PERSONAL NAME
Personal name Roy, Ajit
245 ## - TITLE STATEMENT
Title Nationalisation of banking monopolies: an urgent task
Statement of responsibility, etc. by Ajit Roy
260 ## - PUBLICATION, DISTRIBUTION, ETC.
Place of publication, distribution, etc. Calcutta
Name of publisher, distributor, etc. National
Date of publication, distribution, etc. 1967
300 ## - PHYSICAL DESCRIPTION
Extent 20p.
650 ## - SUBJECT ADDED ENTRY--TOPICAL TERM
Topical term or geographic name entry element Government ownership - India
650 ## - SUBJECT ADDED ENTRY--TOPICAL TERM
Topical term or geographic name entry element Banks and banking - Government ownership - India
Holdings
Withdrawn status Lost status Damaged status Not for loan Permanent Location Current Location Date acquired Full call number Barcode Date last seen Price effective from Koha item type
        Indian Institute of Public Administration Indian Institute of Public Administration 2011-02-22 T42x54 R812 41315 2018-07-21 2018-07-21 Book

Powered by Koha